Southville International School and Colleges
Your cart is empty.
  • Cart
  • Lists
    Public lists Eva Luna New books Lux_list list_1
    Your lists Log in to create your own lists
  • Log in to your account
  • Your cookies
  • Search history
Southville International School and Colleges
  • Advanced search
  • Recent comments
  • Most popular
  • Libraries

Log in to your account

Log in with GOOGLE


If you do not have an external account, but do have a local account, you can still log in:

  1. Home
  2. MARC view: An introduction to inorganic chemistry
Normal view MARC view ISBD view

An introduction to inorganic chemistry (Record no. 16743)

[ view plain ]
MARC details
000 -LEADER
fixed length control field 01157cam a22003374a 4500
001 - CONTROL NUMBER
control field 13754666
003 - CONTROL NUMBER IDENTIFIER
control field OSt
005 - DATE AND TIME OF LATEST TRANSACTION
control field 20140310182836.0
008 - FIXED-LENGTH DATA ELEMENTS--GENERAL INFORMATION
fixed length control field 041019s2005 njua b 001 0 eng
010 ## - LIBRARY OF CONGRESS CONTROL NUMBER
LC control number 2004060002
020 ## - INTERNATIONAL STANDARD BOOK NUMBER
International Standard Book Number 0130399132
040 ## - CATALOGING SOURCE
Original cataloging agency DLC
Transcribing agency DLC
Modifying agency DLC
042 ## - AUTHENTICATION CODE
Authentication code pcc
050 00 - LIBRARY OF CONGRESS CALL NUMBER
Classification number QD 151.3
Item number .H842 2007
082 00 - DEWEY DECIMAL CLASSIFICATION NUMBER
-- 2nd ed.
Classification number M 546
Item number H842 2007
100 1# - MAIN ENTRY--PERSONAL NAME
Personal name Housecroft, Catherine E.,
Dates associated with a name 1955-
245 10 - TITLE STATEMENT
Title An introduction to inorganic chemistry
Statement of responsibility, etc Housecroft, Catherine E., Sharpe, Alan G.
250 ## - EDITION STATEMENT
Edition statement 2nd ed.
260 ## - PUBLICATION, DISTRIBUTION, ETC. (IMPRINT)
Place of publication, distribution, etc Philippines :
Name of publisher, distributor, etc Pearson Education Ltd.,
Date of publication, distribution, etc c2007.
300 ## - PHYSICAL DESCRIPTION
Extent xxxvi, 949 p.
Other physical details ill. ;
Dimensions 26 cm.
504 ## - BIBLIOGRAPHY, ETC. NOTE
Bibliography, etc Includes bibliographical references and index.
521 ## - TARGET AUDIENCE NOTE
Target audience note
526 ## - STUDY PROGRAM INFORMATION NOTE
Reading level 1210L-1700L
541 ## - IMMEDIATE SOURCE OF ACQUISITION NOTE
-- 1
562 ## - COPY AND VERSION IDENTIFICATION NOTE
Number of copies 1
650 #0 - SUBJECT ADDED ENTRY--TOPICAL TERM
Topical term or geographic name as entry element Chemistry, Inorganic
Form subdivision Textbooks.
700 1# - ADDED ENTRY--PERSONAL NAME
Personal name Sharpe, A. G.
906 ## - LOCAL DATA ELEMENT F, LDF (RLIN)
a 7
b cbc
c orignew
d 1
e ocip
f 20
g y-gencatlg
942 ## - ADDED ENTRY ELEMENTS (KOHA)
Koha item type Books
Source of classification or shelving scheme Library of Congress Classification
Call number prefix
Holdings
Withdrawn status Lost status Source of classification or shelving scheme Damaged status Home library Current library Shelving location Date acquired Total Checkouts Full call number Barcode Date last seen Copy number Price effective from Koha item type
    Library of Congress Classification   College Library College Library General Circulation Section 06/06/2013   QD 151.3 .H842 2007 C14758 05/15/2018 1 06/06/2013 Books

An introduction to inorganic chemistry

APA

Housecroft C. E., Sharpe A. G., . (2007). An introduction to inorganic chemistry. Philippines: Pearson Education Ltd.

Chicago

Housecroft Catherine E, Sharpe A G, . 2007. An introduction to inorganic chemistry. Philippines: Pearson Education Ltd.

Harvard

Housecroft C. E., Sharpe A. G., . (2007). An introduction to inorganic chemistry. Philippines: Pearson Education Ltd.

MLA

Housecroft Catherine E, Sharpe A G, . An introduction to inorganic chemistry. Philippines: Pearson Education Ltd. 2007.

  • Place hold
  • Print
  • Cite
  • Add to your cart (remove)
  • Save record
    BIBTEX Dublin Core MARCXML MARC (non-Unicode/MARC-8) MARC (Unicode/UTF-8) MARC (Unicode/UTF-8, Standard) MODS (XML) RIS
  • More searches
    Search for this title in:
    Other Libraries (WorldCat) Other Databases (Google Scholar) Online Stores (Bookfinder.com) Open Library (openlibrary.org)

Exporting to Dublin Core...

SOUTHVILLE LIBRARY

Southville International School and Colleges Library

1281 Tropical Ave. Cor. Luxembourg St., BF Homes International, Las Pinas City

Tel. No. 8256374 / 252358 Loc. 117/146

Powered by Koha